The work of Murillo (Record no. 5139)
[ view plain ]
| 000 -CABECERA | |
|---|---|
| campo de control de longitud fija | 00937nam a2200265 a 4500 |
| 001 - NÚMERO DE CONTROL | |
| campo de control | BRCA_5445 |
| 005 - FECHA Y HORA DE LA ÚLTIMA TRANSACCIÓN | |
| campo de control | 20190320205100.0 |
| 008 - DATOS DE LONGITUD FIJA--INFORMACIÓN GENERAL | |
| campo de control de longitud fija | 830624s1913 nyuac#####---#000-0#eng-# |
| 041 ## - CÓDIGO DE LENGUA | |
| Código de lengua del texto/banda sonora o título independiente | eng |
| 044 ## - CÓDIGO DEL PAÍS DE LA ENTIDAD EDITORA/PRODUCTORA | |
| Código MARC del país | nyu |
| 050 #4 - SIGNATURA TOPOGRÁFICA DE LA BIBLIOTECA DEL CONGRESO | |
| Número de clasificación | ND813 |
| Número de documento/Ítem | .M87 1913 |
| 245 10 - MENCIÓN DE TÍTULO | |
| Título | The work of Murillo |
| Resto del título | reproduced in two hundred and eighty-seven illustrations: with a biographical introduction. |
| 260 ## - PUBLICACIÓN, DISTRIBUCIÓN, ETC. | |
| Lugar de publicación, distribución, etc. | Nueva York |
| Nombre del editor, distribuidor, etc. | Brentano´s |
| Fecha de publicación, distribución, etc. | 1913 |
| 300 ## - DESCRIPCIÓN FÍSICA | |
| Extensión | 13p., 281 p. de láminas |
| Otras características físicas | il. 287 láminas |
| Dimensiones | 27 cm. |
| 440 #0 - MENCIÓN DE SERIE/PUNTO DE ACCESO ADICIONAL--TÍTULO | |
| Título | Classics in art series |
| Designación de volumen o secuencia | 16 |
| 9 (RLIN) | 13908 |
| 500 ## - NOTA GENERAL | |
| Nota general | Estado físico: lomo parcialmente desprendido del pie |
| 500 ## - NOTA GENERAL | |
| Nota general | Incluye doscientas ochenta y siete ilustraciones e introducción biográfica |
| 500 ## - NOTA GENERAL | |
| Nota general | Edición con cabeza dorada |
| 500 ## - NOTA GENERAL | |
| Nota general | M30 |
| 600 14 - PUNTO DE ACCESO ADICIONAL DE MATERIA--NOMBRE DE PERSONA | |
| Nombre de persona | Murillo, Bartolomé Esteban |
| Fechas asociadas al nombre | 1617-1682 |
| 9 (RLIN) | 13827 |
| 650 14 - PUNTO DE ACCESO ADICIONAL DE MATERIA--TÉRMINO DE MATERIA | |
| Término de materia o nombre geográfico como elemento de entrada | Pintores españoles |
| 9 (RLIN) | 7620 |
| 650 14 - PUNTO DE ACCESO ADICIONAL DE MATERIA--TÉRMINO DE MATERIA | |
| Término de materia o nombre geográfico como elemento de entrada | Pinturas españolas |
| 9 (RLIN) | 7789 |
| 902 ## - CATALOGADOR | |
| Iniciales | GFM |
| 942 ## - ELEMENTOS DE PUNTO DE ACCESO ADICIONAL (KOHA) | |
| Fuente del sistema de clasificación o colocación | Library of Congress Classification |
| Tipo de ítem Koha | Libros |
| Estado de retiro | Estado de pérdida | Estado dañado | No para préstamo | Localización permanente | Ubicación/localización actual | Fecha de adquisición | Número de inventario | Total de préstamos | Signatura topográfica completa | Código de barras | Fecha visto por última vez | Precio válido a partir de | Tipo de ítem Koha |
|---|---|---|---|---|---|---|---|---|---|---|---|---|---|
| El ejemplar forma parte de la colección y puede ser consultado según las políticas vigentes. | Biblioteca del Museo Franz Mayer (Rogerio Casas-Alatriste) | Biblioteca del Museo Franz Mayer (Rogerio Casas-Alatriste) | 15/12/2010 | M30 | ND813 .M87 1913 (M30) | 5880 | 22/03/2019 | 22/03/2019 | Libros |